| 000 | 00657nam a2200253Ia 4500 | ||
|---|---|---|---|
| 003 | OSt | ||
| 005 | 20221006145653.0 | ||
| 006 | a|||||r|||| 00| 0 | ||
| 007 | ta | ||
| 008 | 221006b |||||||| |||| 00| 0 eng d | ||
| 020 |
_c _55.50 |
||
| 024 | _a15,621 | ||
| 037 | _cTextual | ||
| 040 |
_aEASL _cEASL _beng |
||
| 041 |
_2eng _aeng |
||
| 082 | _aV41.N84, M5 | ||
| 100 | _aDOMES Jurgen | ||
| 245 | 0 |
_aGovernment and politics of the PRC _b A time of transition |
|
| 260 |
_aBoulder _bWestview Press _c1985 |
||
| 300 |
_a316p. _ccm. |
||
| 490 | _v RS | ||
| 942 |
_hV41.N84, M5 _cTEXL _2CC |
||
| 999 |
_c1083707 _d1083707 |
||